Grammer v Lane (Record no. 61950)
[ view plain ]
| 000 -LEADER | |
|---|---|
| fixed length control field | 00744cam a2200193 4500 |
| 001 - CONTROL NUMBER | |
| control field | X103082 |
| 008 - FIXED-LENGTH DATA ELEMENTS--GENERAL INFORMATION | |
| fixed length control field | 000000n1999 000 0 eng u |
| 035 ## - SYSTEM CONTROL NUMBER | |
| System control number | (Sirsi) u103082 |
| 245 ## - TITLE STATEMENT | |
| Title | Grammer v Lane |
| 260 ## - PUBLICATION, DISTRIBUTION, ETC. | |
| Date of publication, distribution, etc. | 1999 |
| 490 ## - SERIES STATEMENT | |
| Series statement | New Property Cases |
| Volume/sequential designation | [1999] NPC 149, 27 November 1999 |
| 520 ## - SUMMARY, ETC. | |
| Summary, etc. | CA 25 November 1999. Alleged misconduct by an arbitrator appointed under the Agricultural Holdings Act 1986 in deciding to await a court decision which was germane to his jurisdiction. TAKEN FROM JOURNAL HEADNOTE- NO PHOTOCOPYING ALLOWED. |
| 650 ## - SUBJECT ADDED ENTRY--TOPICAL TERM | |
| Topical term or geographic name entry element | GRAMMER V LANE |
| 650 ## - SUBJECT ADDED ENTRY--TOPICAL TERM | |
| Topical term or geographic name entry element | AGRICULTURAL HOLDINGS ACT 1986 |
| 650 ## - SUBJECT ADDED ENTRY--TOPICAL TERM | |
| Topical term or geographic name entry element | ARBITRATION ACT 1996 |
| 650 ## - SUBJECT ADDED ENTRY--TOPICAL TERM | |
| Topical term or geographic name entry element | AGRICULTURE ACT 1947 |
| 690 ## - LOCAL SUBJECT ADDED ENTRY--TOPICAL TERM (OCLC, RLIN) | |
| Topical term or geographic name as entry element | ARBITRATION-CASE LAW |
| 942 ## - ADDED ENTRY ELEMENTS (KOHA) | |
| Suppress in OPAC | 0 |
No items available.